| 000 | 00672nam a2200205 i 4500 | ||
|---|---|---|---|
| 001 | 38077 | ||
| 003 | ES-MaACL | ||
| 005 | 20250814065420.0 | ||
| 007 | t| | ||
| 008 | 030224s1946 xxu ||||1| eng d | ||
| 100 | 1 |
_aCalahan, Harold Augustín. _933515 |
|
| 245 | 1 | 0 |
_aGeography for grown-ups / _cby Harold Augustín Calahan ; illustrated by Stephen J. Voorhies. |
| 250 | _a[1st ed.]. | ||
| 260 |
_aNew York, etc. : _bHarper and Brothers, _c[1946] ( _fLinotype Electra) |
||
| 300 |
_aVIII, 351 p. : _bil. ; _c22 cm. |
||
| 650 | 0 | 7 |
_aGeografía física _2embne _913078 |
| 700 | 1 |
_aVoorhies, J. _9115737 |
|
| 852 |
_aES-MaACL _jC-4810 _bR.25310 |
||
| 999 |
_c38077 _d38077 |
||